000 00317nam a22000977a 4500
008 150624b xxu||||| |||| 00| 0 eng d
010 _8HCCRSARF:008
245 _aHIGH COURT CRIMINAL SESSION NO.369 OF 1970 Uganda Vs Christopher Mashak
260 _aHigh Court Kampala
500 _3BEFORE: Hon. Mr. Ag. Justice R.G.G Russell
999 _c6664
_d6664